UBT Library

Calculus : (Record no. 44324)

000 -LEADER
fixed length control field 00829cam a2200241 a 4500
001 - CONTROL NUMBER
control field 77036
005 - DATE AND TIME OF LATEST TRANSACTION
control field 20180307085105.0
008 - FIXED-LENGTH DATA ELEMENTS--GENERAL INFORMATION
fixed length control field 951218s1996 dcu 000 0 eng
010 ## - LIBRARY OF CONGRESS CONTROL NUMBER
LC control number 95081631
020 ## - INTERNATIONAL STANDARD BOOK NUMBER
International Standard Book Number 0883850982
040 ## - CATALOGING SOURCE
Original cataloging agency DLC
Transcribing agency DLC
Modifying agency DLC
041 ## - LANGUAGE CODE
Language code of text/sound track or separate title eng
042 ## - AUTHENTICATION CODE
Authentication code pcc
043 ## - GEOGRAPHIC AREA CODE
Geographic area code n-us---
080 ## - UNIVERSAL DECIMAL CLASSIFICATION NUMBER
Universal Decimal Classification number 515.071073 swo
082 00 - DEWEY DECIMAL CLASSIFICATION NUMBER
Classification number 515.071073 swo
Edition number 21
100 ## - Rafti
Rafti 38
101 ## - Shkurtesa
Shkurtesa mat
245 00 - TITLE STATEMENT
Title Calculus :
Statement of responsibility, etc prepared by the CUPM Subcommittee on Calculus Reform and the First Two Years, A. Wayne Roberts, chair ; with the special help of four members ... .
906 ## - LOCAL DATA ELEMENT F, LDF (RLIN)
a 7
b cbc
c orignew
d 2
e opcn
f 19
g y-gencatlg
942 ## - ADDED ENTRY ELEMENTS (KOHA)
Source of classification or shelving scheme
Item type Books
Holdings
Withdrawn status Lost status Source of classification or shelving scheme Damaged status Not for loan Collection code Permanent location Current location Shelving location Date acquired Total Checkouts Full call number Barcode Date last seen Price effective from Koha item type
          Koleksioni i përgjithshem UBT - Lipjan UBT - Lipjan Koleksioni i përgjithshem 03/07/2018   515.071073 swo 002-3001038 03/07/2018 03/07/2018 Books
UBT Library © 2015-2024. All rights reserved University Education for Business and Technology